000 00472nam a22001457a 4500
005 20250328131343.0
008 171109b xxu||||| |||| 00| 0 eng d
022 _a0116-3507
082 _2April - June 2005 v. 97, n.18-24
_aDPer 959.9005
_bP538
245 _aPhilippine free press.
260 _aMakati City :
_b[Philippine Free Press],
_cc2005.
300 _a1(various paging):
_billustrations;
_c33 cm.
650 0 _aPhilippines -- Periodicals.
_937029
942 _2ddc
_cPER
999 _c13245
_d13245